Statistics for U.S. States Bordering Two or More "N" States

Click here to take the quiz!

General Stats

  • This quiz has been taken 26 times
  • The average score is 6 of 7

Answer Stats

Borders State % Correct
Nevada + New MexicoArizona
95%
Nebraska + New MexicoColorado
82%
Nevada + New MexicoUtah
82%
New Hampshire + New YorkMassachusetts
82%
New Jersey + New YorkPennsylvania
82%
Nebraska + North DakotaSouth Dakota
68%
New Hampshire + New YorkVermont
68%

Score Distribution

Percentile by Number Answered

Percent of People with Each Score

Your Score History

You have not taken this quiz